| 000 | 00522 a2200169 4500 | ||
|---|---|---|---|
| 003 | Nust | ||
| 005 | 20170207171611.0 | ||
| 040 | _cNust | ||
| 082 | _a005.1 | ||
| 100 | _aHussain, Amir. BESE-17 | ||
| 245 |
_aGPS Based Augmented Reality Android Application to Assist the Tourists in Enjoying and Planning Their Trips. BESE-17 _cAmir Hussain, Ehtesham Qazi, Aqib Mehmood. |
||
| 260 |
_aRawalpindi _bMCS _cMay ,2015 |
||
| 300 | _axi,95p. | ||
| 538 | _aAlmirah No 72 Shelf No 6 | ||
| 650 | _aUG Projects | ||
| 651 | _aUG CS Projects | ||
| 942 | _cTHS | ||
| 999 |
_c217700 _d217700 |
||